[Event "San Fernando U2300"]
[Site "San Fernando"]
[Date "2017.01.27"]
[Round "1.5"]
[White "Lenoir Ibacache, Gabriel Alberto"]
[Black "Cortes Moyano, Julio"]
[Result "1-0"]
[WhiteElo "2255"]
[BlackElo "2070"]
[PlyCount "65"]
[EventDate "2017.01.27"]
[EventType "swiss"]
[EventRounds "6"]
[EventCountry "CHI"]
[SourceTitle "EXT 2024"]
[Source "ChessBase"]
[SourceDate "2023.10.10"]
[SourceVersion "1"]
[SourceVersionDate "2023.10.10"]
[SourceQuality "1"]

1. e4 e5 2. Nf3 Nc6 3. d4 exd4 4. Nxd4 Nf6 5. Nxc6 bxc6 6. e5 Qe7 7. Qe2 Nd5 8. c4 Ba6 9. b3 g6 10. Bb2 Bg7 11. g3 0-0 12. Bg2 Rae8 13. 0-0 f6 14. Qd2 fxe5 15. cxd5 Bxf1 16. Bxf1 e4 17. Bxg7 Qxg7 18. Nc3 Rxf2 19. Qxf2 Qxc3 20. Rd1 e3 21. Qe2 c5 22. d6 c6 23. Qc4+ Qxc4 24. Bxc4+ Kg7 25. Kg2 Re4 26. Kf3 Re5 27. Re1 Kf6 28. Rxe3 Rxe3+ 29. Kxe3 Ke5 30. h4 Kxd6 31. Kf4 Kc7 32. Kg5 d5 33. Bd3 1-0

[Event "Santiago-ch sf"]
[Site "Santiago de Chile"]
[Date "2012.01.23"]
[Round "4.5"]
[White "Cortes Moyano, Julio"]
[Black "Berti Contreras, Lorenginis Jesus"]
[Result "1-0"]
[WhiteElo "2167"]
[BlackElo "2060"]
[PlyCount "49"]
[EventDate "2012.01.21"]
[EventType "swiss"]
[EventRounds "9"]
[EventCountry "CHI"]
[SourceTitle "EXT 2024"]
[Source "ChessBase"]
[SourceDate "2023.10.10"]
[SourceVersion "1"]
[SourceVersionDate "2023.10.10"]
[SourceQuality "1"]

1. e4 c5 2. c3 Nc6 3. d4 cxd4 4. cxd4 d6 5. h3 Bd7 6. Nf3 Rc8 7. Nc3 g6 8. d5 Ne5 9. Nxe5 dxe5 10. Be2 h5 11. Be3 Bh6 12. Qd2 Bxe3 13. Qxe3 Qb6 14. Qxb6 axb6 15. Kd2 Nf6 16. f3 h4 17. Bd3 0-0 18. Rhf1 Nh5 19. Ne2 Rc7 20. f4 exf4 21. Nxf4 Ng3 22. Rfc1 Rfc8 23. Rxc7 Rxc7 24. d6 Rc5 25. Nd5 1-0

[Event "Santiago de Chile op"]
[Site "Santiago de Chile"]
[Date "2011.09.21"]
[Round "6"]
[White "Cortes Moyano, Julio"]
[Black "Tapia Fuentes, Jaime"]
[Result "0-1"]
[WhiteElo "2264"]
[BlackElo "2044"]
[PlyCount "50"]
[EventDate "2011.09.07"]
[EventType "swiss"]
[EventRounds "9"]
[EventCountry "CHI"]
[SourceTitle "EXT 2012"]
[Source "ChessBase"]
[SourceDate "2011.11.24"]
[SourceVersion "1"]
[SourceVersionDate "2011.11.24"]
[SourceQuality "1"]

1. d4 Nf6 2. Nf3 g6 3. c4 Bg7 4. Nc3 d5 5. Qb3 dxc4 6. Qxc4 0-0 7. e4 a6 8. Qb3 b5 9. a4 c5 10. dxc5 Nbd7 11. axb5 Nxc5 12. Qc2 Bb7 13. bxa6 Nxa6 14. Ra4 Nc5 15. Rb4 Qc8 16. Rc4 Nfxe4 17. Nxe4 Bxe4 18. Qd2 Rd8 19. Qe3 Qd7 20. Be2 Nd3+ 21. Kf1 Ra1 22. Qxe4 Nxc1 23. Ne1 Nb3 24. Rc2 Nd2+ 25. Rxd2 Rxe1+ 0-1

[Event "Santiago de Chile op"]
[Site "Santiago de Chile"]
[Date "2011.09.12"]
[Round "3"]
[White "Cortes Moyano, Julio"]
[Black "Perez, Matias"]
[Result "0-1"]
[WhiteElo "2264"]
[BlackElo "2188"]
[PlyCount "99"]
[EventDate "2011.09.07"]
[EventType "swiss"]
[EventRounds "9"]
[EventCountry "CHI"]
[SourceTitle "EXT 2012"]
[Source "ChessBase"]
[SourceDate "2011.11.24"]
[SourceVersion "1"]
[SourceVersionDate "2011.11.24"]
[SourceQuality "1"]

1. e4 c5 2. c3 d5 3. exd5 Qxd5 4. d4 g6 5. Nf3 Bg7 6. Be2 cxd4 7. cxd4 Nh6 8. Nc3 Qa5 9. 0-0 0-0 10. Qb3 Nf5 11. d5 Nd7 12. Bd2 Nc5 13. Qc2 Bd7 14. b4 Qxb4 15. Rab1 Qa3 16. Nb5 Bxb5 17. Rxb5 Rfc8 18. Bb4 Qa4 19. Qxa4 Nxa4 20. Rxb7 Rab8 21. Rxb8 Rxb8 22. Ba3 Nb6 23. Rd1 Rc8 24. g4 Nd6 25. Ne1 Nbc4 26. Bxd6 Nxd6 27. Kf1 Rc5 28. Rd3 Bc3 29. Bd1 Ba5 30. Bb3 Rc1 31. Bd1 Nc4 32. Ke2 Nb2 33. d6 Nxd3 34. Nxd3 Rc6 35. dxe7 Re6+ 36. Kf3 Rxe7 37. g5 Rd7 38. Ke4 Bd8 39. h4 Bb6 40. Bb3 Rd4+ 41. Ke3 Rxh4+ 42. Ke2 Bd8 43. f4 Bc7 44. Kf3 Rh3+ 45. Ke4 Rxd3 46. Kxd3 Bxf4 47. Ke4 Bxg5 48. Bd1 Bf6 49. Kf4 Kg7 50. Kg4 0-1

[Event "Santiago Endesa Interempresas tt-A"]
[Site "Santiago de Chile"]
[Date "2010.07.13"]
[Round "1"]
[White "Cortes Moyano, Julio"]
[Black "Sepulveda Herrera, Job Rodrigo"]
[Result "1/2-1/2"]
[WhiteElo "2199"]
[BlackElo "2332"]
[PlyCount "71"]
[EventDate "2010.07.13"]
[EventType "team"]
[EventRounds "13"]
[EventCountry "CHI"]
[SourceTitle "EXT 2012"]
[Source "ChessBase"]
[SourceDate "2011.11.24"]
[SourceVersion "1"]
[SourceVersionDate "2011.11.24"]
[SourceQuality "1"]

1. d4 Nf6 2. c4 c5 3. d5 Ne4 4. Qc2 Qa5+ 5. Nd2 Nf6 6. a3 d6 7. b3 g6 8. Bb2 Bg7 9. e4 0-0 10. Bc3 Qc7 11. Be2 e6 12. dxe6 Bxe6 13. Ngf3 Bg4 14. 0-0 Nc6 15. Bd3 Bxf3 16. Nxf3 Nh5 17. Rfe1 Rfe8 18. b4 Nf4 19. Bxg7 Kxg7 20. Qc3+ Ne5 21. Bf1 Kg8 22. Nd2 Re7 23. g3 Ne6 24. b5 Nd4 25. f4 Nd7 26. Nf3 Nxf3+ 27. Qxf3 Nf8 28. Bh3 Rae8 29. Kf2 Ne6 30. Bxe6 Rxe6 31. Ra2 Qe7 32. Rae2 f6 33. Qd3 b6 34. h4 Kg7 35. Kf3 h5 36. Kf2 1/2-1/2

[Event "Santiago Endesa 05"]
[Site "Santiago de Chile"]
[Date "2010.06.18"]
[Round "6"]
[White "Berti Contreras, Lorenginis Jesus"]
[Black "Cortes Moyano, Julio"]
[Result "1-0"]
[WhiteElo "2104"]
[BlackElo "2203"]
[PlyCount "73"]
[EventDate "2010.06.07"]
[EventType "tourn"]
[EventRounds "11"]
[EventCountry "CHI"]
[SourceTitle "EXT 2012"]
[Source "ChessBase"]
[SourceDate "2011.11.24"]
[SourceVersion "1"]
[SourceVersionDate "2011.11.24"]
[SourceQuality "1"]

1. e4 c5 2. Nf3 e6 3. d4 cxd4 4. Nxd4 Nf6 5. Bd3 Nc6 6. Be3 Qa5+ 7. c3 Nxd4 8. Bxd4 e5 9. Be3 a6 10. Nd2 d5 11. Qb3 Bc5 12. Bxc5 Qxc5 13. exd5 Nxd5 14. Bc4 Be6 15. Ne4 Qc6 16. Qxb7 Qxb7 17. Nd6+ Ke7 18. Nxb7 Rhb8 19. Na5 Rxb2 20. 0-0-0 Rb5 21. Bxb5 axb5 22. Nc6+ Kf6 23. Nb4 Nxc3 24. Rd2 Ra4 25. Rc2 Nxa2+ 26. Nxa2 Bxa2 27. Rd1 Be6 28. Rd3 Ra1+ 29. Kd2 Rb1 30. Rf3+ Ke7 31. Rc7+ Kd6 32. Rfxf7 Bxf7 33. Rxf7 Rh1 34. h3 g5 35. Rxh7 Rh2 36. Ke2 Rxg2 37. Kf1 1-0

[Event "Santiago Endesa 05"]
[Site "Santiago de Chile"]
[Date "2010.06.16"]
[Round "5"]
[White "Cortes Moyano, Julio"]
[Black "Olivares Olivares, Claudio"]
[Result "1-0"]
[WhiteElo "2203"]
[BlackElo "2029"]
[PlyCount "69"]
[EventDate "2010.06.07"]
[EventType "tourn"]
[EventRounds "11"]
[EventCountry "CHI"]
[SourceTitle "EXT 2012"]
[Source "ChessBase"]
[SourceDate "2011.11.24"]
[SourceVersion "1"]
[SourceVersionDate "2011.11.24"]
[SourceQuality "1"]

1. d4 Nf6 2. c4 c5 3. d5 e6 4. Nc3 exd5 5. cxd5 d6 6. h3 g6 7. Nf3 Bg7 8. e4 0-0 9. Bd3 b5 10. Nxb5 Nxe4 11. Bxe4 Re8 12. Nd2 f5 13. 0-0 fxe4 14. Nc4 Be5 15. Nxe5 Rxe5 16. Bf4 Rf5 17. Bg3 Rg5 18. Re1 Ba6 19. Nc3 Bd3 20. Nxe4 Bxe4 21. Rxe4 Rf5 22. Re6 Nd7 23. Rxd6 Qc8 24. Qe2 Nf8 25. Rd1 Qb7 26. b3 Qf7 27. Qb5 Re8 28. Qxc5 Re2 29. Ra6 h5 30. Rxa7 Qf6 31. Ra8 h4 32. Rxf8+ Qxf8 33. Qxf8+ Kxf8 34. Bxh4 Rxa2 35. d6 1-0

[Event "Santiago Endesa 05"]
[Site "Santiago de Chile"]
[Date "2010.06.09"]
[Round "2"]
[White "Cuevas Araya, Walter"]
[Black "Cortes Moyano, Julio"]
[Result "1-0"]
[WhiteElo "2213"]
[BlackElo "2203"]
[PlyCount "71"]
[EventDate "2010.06.07"]
[EventType "tourn"]
[EventRounds "11"]
[EventCountry "CHI"]
[SourceTitle "EXT 2012"]
[Source "ChessBase"]
[SourceDate "2011.11.24"]
[SourceVersion "1"]
[SourceVersionDate "2011.11.24"]
[SourceQuality "1"]

1. e4 e5 2. f4 exf4 3. Nf3 d5 4. exd5 Nf6 5. Bb5+ c6 6. dxc6 Nxc6 7. d4 Bd6 8. Qe2+ Be6 9. Ng5 0-0 10. Nxe6 fxe6 11. Bxc6 bxc6 12. Qxe6+ Kh8 13. 0-0 Qc7 14. Nd2 Rae8 15. Qc4 c5 16. c3 Ng4 17. Nf3 Qb6 18. h3 cxd4 19. cxd4 Ne5 20. Nxe5 Bxe5 21. Kh1 f3 22. dxe5 fxg2+ 23. Kxg2 Qb7+ 24. Kg3 Rc8 25. Be3 Qxb2 26. Qc5 Rfd8 27. Rad1 Re8 28. Qd4 Qxa2 29. Ra1 Qc2 30. Rxa7 Rc4 31. Qd6 Qg6+ 32. Qxg6 hxg6 33. Rf4 Rc3 34. Re4 Re6 35. Ra8+ Kh7 36. Kh4 1-0

[Event "Santiago Endesa 01"]
[Site "Santiago de Chile"]
[Date "2010.05.17"]
[Round "7"]
[White "Cortes Moyano, Julio"]
[Black "Diaz Villagran, Robert"]
[Result "1-0"]
[WhiteElo "2203"]
[BlackElo "2330"]
[PlyCount "81"]
[EventDate "2010.05.03"]
[EventType "tourn"]
[EventRounds "11"]
[EventCountry "CHI"]
[SourceTitle "EXT 2012"]
[Source "ChessBase"]
[SourceDate "2011.11.24"]
[SourceVersion "1"]
[SourceVersionDate "2011.11.24"]
[SourceQuality "1"]

1. d4 Nf6 2. c4 d6 3. Nc3 g6 4. Nf3 Bg7 5. Bg5 h6 6. Bh4 g5 7. Bg3 Nh5 8. e3 e6 9. Be2 Nxg3 10. hxg3 Qe7 11. Qc2 a6 12. Rd1 Nd7 13. b4 0-0 14. Bd3 f5 15. e4 Nf6 16. 0-0 f4 17. gxf4 Nh5 18. f5 g4 19. Nh2 Bxd4 20. Ne2 Ba7 21. g3 exf5 22. exf5 Qg5 23. c5 Bxf5 24. Qc4+ Kh8 25. Bxf5 Rxf5 26. Nd4 Rf6 27. Ne6 Qg8 28. Qd5 Qxe6 29. Qxh5 dxc5 30. Nxg4 Rg6 31. Ne5 Rg7 32. bxc5 Rf8 33. Rfe1 Kh7 34. Nd7 Qf5 35. Nxf8+ Qxf8 36. Re6 Qf4 37. Re7 Qf6 38. Rxg7+ Kxg7 39. Qg4+ Kf8 40. Qc8+ Kf7 41. Qxc7+ 1-0

[Event "Santiago Endesa 01"]
[Site "Santiago de Chile"]
[Date "2010.05.14"]
[Round "6"]
[White "Olivares Olivares, Claudio"]
[Black "Cortes Moyano, Julio"]
[Result "0-1"]
[WhiteElo "2029"]
[BlackElo "2203"]
[PlyCount "52"]
[EventDate "2010.05.03"]
[EventType "tourn"]
[EventRounds "11"]
[EventCountry "CHI"]
[SourceTitle "EXT 2012"]
[Source "ChessBase"]
[SourceDate "2011.11.24"]
[SourceVersion "1"]
[SourceVersionDate "2011.11.24"]
[SourceQuality "1"]

1. e4 e5 2. f4 exf4 3. Nf3 d5 4. exd5 Nf6 5. Bb5+ c6 6. dxc6 Nxc6 7. d4 Bd6 8. 0-0 0-0 9. c4 Bg4 10. Nc3 Rc8 11. Ne2 Nh5 12. a3 Nxd4 13. Nexd4 Bc5 14. Kh1 a6 15. Ba4 Bxd4 16. Qxd4 Qxd4 17. Nxd4 Rxc4 18. Bd1 Bxd1 19. Rxd1 Rd8 20. g4 fxg3 21. Be3 gxh2 22. Nf5 Re8 23. Rd2 Rce4 24. Bd4 g6 25. Nd6 Re2 26. Nxe8 Ng3# 0-1

[Event "Santiago Endesa IM"]
[Site "Santiago de Chile"]
[Date "2010.??.??"]
[Round "7"]
[White "Valiente, Cristobal"]
[Black "Cortes Moyano, Julio"]
[Result "1/2-1/2"]
[WhiteElo "2232"]
[BlackElo "2217"]
[PlyCount "22"]
[EventDate "2010.11.02"]
[EventType "tourn"]
[EventRounds "9"]
[EventCountry "CHI"]
[SourceTitle "EXT 2012"]
[Source "ChessBase"]
[SourceDate "2011.11.24"]
[SourceVersion "1"]
[SourceVersionDate "2011.11.24"]
[SourceQuality "1"]

1. c4 Nf6 2. Nc3 g6 3. g3 Bg7 4. Bg2 d6 5. Nf3 0-0 6. 0-0 e5 7. d3 Nc6 8. Rb1 a5 9. a3 h6 10. b4 axb4 11. axb4 Be6 1/2-1/2

[Event "Santiago Endesa Norm"]
[Site "Santiago de Chile"]
[Date "2009.10.02"]
[Round "6"]
[White "Diaz Villagran, Robert"]
[Black "Cortes Moyano, Julio"]
[Result "1-0"]
[WhiteElo "2281"]
[BlackElo "2177"]
[PlyCount "97"]
[EventDate "2009.09.21"]
[EventType "tourn"]
[EventRounds "9"]
[EventCountry "CHI"]
[SourceTitle "EXT 2012"]
[Source "ChessBase"]
[SourceDate "2011.11.24"]
[SourceVersion "1"]
[SourceVersionDate "2011.11.24"]
[SourceQuality "1"]

1. e4 c5 2. Nf3 e6 3. c3 d5 4. e5 Nc6 5. d4 Bd7 6. a3 f6 7. Bd3 fxe5 8. dxe5 c4 9. Bc2 Qc7 10. Bf4 g6 11. Ba4 Bg7 12. 0-0 Nge7 13. Re1 0-0 14. Bg3 Nf5 15. Bxc6 bxc6 16. Nbd2 c5 17. b3 cxb3 18. Qxb3 Nxg3 19. fxg3 Rab8 20. Qc2 Rf5 21. g4 Rf4 22. h3 Ba4 23. Qd3 Bb5 24. Qe3 Ra4 25. Reb1 Bf8 26. Ng5 Bh6 27. Ndf3 Re4 28. Qf2 Bxg5 29. Nxg5 Rxe5 30. Qg3 Bd3 31. Rxb8+ Qxb8 32. Nf3 Qb2 33. Qxe5 Qxa1+ 34. Kh2 Be4 35. Qxe6+ Kg7 36. Qe7+ Kg8 37. Qd8+ Kg7 38. Qc7+ Kg8 39. Qb8+ Kg7 40. Qxa7+ Kg8 41. Qb8+ Kg7 42. Qe5+ Kg8 43. Qe6+ Kg7 44. Qd7+ Kg8 45. Qc8+ Kg7 46. Qc7+ Kg8 47. Ng5 Qf1 48. Qd8+ Kg7 49. Ne6+ 1-0

[Event "Santiago Endesa Interempresas tt-A"]
[Site "Santiago de Chile"]
[Date "2009.09.15"]
[Round "9"]
[White "Cortes Moyano, Julio"]
[Black "Jorquera Cahuin, Marcelo Joaquin"]
[Result "0-1"]
[WhiteElo "2195"]
[BlackElo "2328"]
[PlyCount "86"]
[EventDate "2009.07.21"]
[EventType "team"]
[EventRounds "13"]
[EventCountry "CHI"]
[SourceTitle "EXT 2012"]
[Source "ChessBase"]
[SourceDate "2011.11.24"]
[SourceVersion "1"]
[SourceVersionDate "2011.11.24"]
[SourceQuality "1"]

1. d4 Nf6 2. c4 d6 3. Nc3 Nbd7 4. e4 e5 5. Be3 Be7 6. h3 c6 7. d5 0-0 8. Nge2 cxd5 9. cxd5 Ne8 10. Qd2 Nc5 11. g4 h6 12. b4 Na6 13. Rb1 Bg5 14. Nd1 Bd7 15. h4 Bxe3 16. Nxe3 Nac7 17. f4 exf4 18. Nf5 Bxf5 19. gxf5 f3 20. Ng3 Nf6 21. Kf2 Re8 22. Kxf3 Qe7 23. Qf4 Rac8 24. Bd3 Nd7 25. Be2 Na8 26. Rbc1 Nab6 27. Nh5 Nf6 28. Ng3 Nbd7 29. Bb5 Ne5+ 30. Kg2 Red8 31. Kh3 Rc7 32. Qe3 Rdc8 33. Be2 a6 34. Rhg1 Kh8 35. Qd2 Kh7 36. Qe3 Ned7 37. Nh5 Nxh5 38. Bxh5 Nf6 39. Bf3 Qe5 40. Rgd1 Rc3 41. Rd3 Nxd5 42. Rxd5 Rxe3 43. Rxe5 dxe5 0-1

[Event "Santiago Endesa 12"]
[Site "Santiago de Chile"]
[Date "2009.07.15"]
[Round "7"]
[White "Perez Gormaz, Matias Ariel"]
[Black "Cortes Moyano, Julio"]
[Result "1-0"]
[WhiteElo "1984"]
[BlackElo "2195"]
[PlyCount "49"]
[EventDate "2009.07.01"]
[EventType "tourn"]
[EventRounds "11"]
[EventCountry "CHI"]
[SourceTitle "EXT 2012"]
[Source "ChessBase"]
[SourceDate "2011.11.24"]
[SourceVersion "1"]
[SourceVersionDate "2011.11.24"]
[SourceQuality "1"]

1. d4 Nf6 2. Bg5 c5 3. e3 Qb6 4. Nc3 d6 5. Qd2 cxd4 6. exd4 g6 7. Nf3 Bg7 8. Be2 Bf5 9. 0-0-0 Nbd7 10. Rhe1 0-0 11. h3 Rac8 12. Bd3 Rxc3 13. Bxf5 Rxf3 14. gxf3 e6 15. Be4 Rc8 16. Re3 d5 17. Rb3 Qd8 18. Bd3 b6 19. Ba6 Rc6 20. Bb5 Rc8 21. Ra3 a5 22. Rc3 Bf8 23. Rxc8 Qxc8 24. Qc3 Qd8 25. Qd3 1-0

[Event "Santiago Endesa 12"]
[Site "Santiago de Chile"]
[Date "2009.07.08"]
[Round "4"]
[White "Cortes Moyano, Julio"]
[Black "Larrain Cortes, Cristian"]
[Result "1/2-1/2"]
[WhiteElo "2195"]
[BlackElo "1993"]
[PlyCount "74"]
[EventDate "2009.07.01"]
[EventType "tourn"]
[EventRounds "11"]
[EventCountry "CHI"]
[SourceTitle "EXT 2012"]
[Source "ChessBase"]
[SourceDate "2011.11.24"]
[SourceVersion "1"]
[SourceVersionDate "2011.11.24"]
[SourceQuality "1"]

1. e4 e5 2. Nf3 Nc6 3. Bb5 f5 4. Nc3 fxe4 5. Nxe4 Nf6 6. Nxf6+ Qxf6 7. Qe2 Be7 8. Bxc6 dxc6 9. Nxe5 0-0 10. d4 Be6 11. 0-0 Rae8 12. Be3 Bd6 13. f4 Qf5 14. c4 c5 15. d5 Bc8 16. Qd2 g5 17. Nd3 Qe4 18. Bxc5 Bxf4 19. Nxf4 Rxf4 20. Rfe1 Qg6 21. Rxe8+ Qxe8 22. g3 Rf5 23. Re1 Qf7 24. g4 Rf4 25. h3 Bxg4 26. Re7 Qf6 27. Qe1 Bxh3 28. Re8+ Kg7 29. Qe7+ Qxe7 30. Rxe7+ Rf7 31. Re3 Bf5 32. Bxa7 h5 33. c5 g4 34. d6 h4 35. Re7 Rxe7 36. dxe7 Kf7 37. Bb8 c6 1/2-1/2

[Event "Santiago Endesa 12"]
[Site "Santiago de Chile"]
[Date "2009.07.01"]
[Round "1"]
[White "Zamora Munoz, Nelson Manuel"]
[Black "Cortes Moyano, Julio"]
[Result "0-1"]
[WhiteElo "1979"]
[BlackElo "2195"]
[PlyCount "102"]
[EventDate "2009.07.01"]
[EventType "tourn"]
[EventRounds "11"]
[EventCountry "CHI"]
[SourceTitle "EXT 2012"]
[Source "ChessBase"]
[SourceDate "2011.11.24"]
[SourceVersion "1"]
[SourceVersionDate "2011.11.24"]
[SourceQuality "1"]

1. d4 Nf6 2. Nf3 g6 3. g3 Bg7 4. Bg2 0-0 5. c4 d6 6. Nc3 Nbd7 7. 0-0 e5 8. dxe5 dxe5 9. Qc2 c6 10. Rd1 Qe7 11. e4 Nc5 12. b3 Bg4 13. Ba3 Nfd7 14. Qe2 Rfd8 15. h3 Be6 16. Qe3 b6 17. Rac1 Bf8 18. Rd2 f6 19. Rcd1 Qe8 20. Nb1 Be7 21. Nh2 Nf8 22. Qe2 Rxd2 23. Rxd2 Rd8 24. Rxd8 Qxd8 25. Qd2 Qc8 26. h4 Kf7 27. f3 Qd7 28. Qxd7 Bxd7 29. Bf1 Nfe6 30. Be2 Nd4 31. Bd1 f5 32. Bxc5 Bxc5 33. Kg2 a6 34. Nc3 Ne6 35. Bc2 Kf6 36. Ne2 Bb4 37. g4 f4 38. g5+ Ke7 39. Ng4 Be1 40. Nf2 Kd6 41. Kf1 Bxf2 42. Kxf2 Kc5 43. Nc3 b5 44. cxb5 axb5 45. a3 Nd4 46. Bd1 Be6 47. b4+ Kc4 48. Nb1 Kd3 49. Ke1 Bb3 50. Nd2 Bxd1 51. Kxd1 Kc3 0-1